| 000 | 00459nab a2200145Ia 4500 | ||
|---|---|---|---|
| 003 | ES-SlBCS | ||
| 005 | 20210601150019.0 | ||
| 008 | 140529s1989 xxu||||| |||| 00| 0 spa d | ||
| 041 | _aspa | ||
| 100 | 1 |
_aPoucouta, Paul _956829 |
|
| 245 | 0 | 0 |
_aLa misión de la Iglesia en el Apocalipsis _c Paul Poucouta |
| 630 | 0 | 4 |
_aApocalipsis-Misión de la Iglesia _9318576 |
| 773 | 0 |
_tSelecciones de Teologia _gvol. 28, nº. 112, 1989, págs. 341-348 _wRev424 |
|
| 942 | _cAR | ||
| 999 |
_c733832 _d733832 |
||